| 000 | 02622nam0a2200397 4500 | ||
|---|---|---|---|
| 001 | RU\NLR\BIBL_A\022094582 | ||
| 005 | 20240122124339.0 | ||
| 010 |
_a978-5-00212-314-8 _9300 |
||
| 021 |
_aRU _bКН-П-23-070557 _9КН-П-23-7158 |
||
| 035 | _a(NLR Aleph) 022094582 | ||
| 090 |
_a12727321 _c12727321 |
||
| 100 | _a20231212d2023 k y0rusy50 ca | ||
| 101 | 0 | _arus | |
| 102 | _aRU | ||
| 105 | _aa z 111yy | ||
| 181 | 0 |
_ai _baxxe |
|
| 182 | 0 | _an | |
| 200 | 1 |
_aФазовые переходы, критические и нелинейные явления в конденсированных средах _eсборник трудов международной конференции, посвященной 300-летию Российской академии наук, 10-15 сентября 2023 г., [Махачкала] _fМинистерство науки и высшего образования РФ, Дагестанский федеральный исследовательский центр РАН, Институт физики им. Х. И. Амирханова ДФИЦ РАН, Дагестанский государственный университет, Челябинский государственный университет |
|
| 203 |
_aТекст _bвизуальный _cнепосредственный |
||
| 210 |
_aМахачкала _cАлеф _d2023 |
||
| 215 |
_a301 с. _cил. _d21 |
||
| 313 | _aПред. конф. 2021 г. | ||
| 320 | _aБиблиогр. в конце ст. | ||
| 320 | _aАвт. список: с. 297-301 | ||
| 325 | _aЭлектронная версия: DOI: 10.33580/9785002123148 | ||
| 606 | 1 |
_aКонденсированные среды _jСъезды, совещания и т.п _xФазовые переходы _92287832 _3RU\NLR\AUTH\661370341 |
|
| 606 | 1 |
_aКонденсированные среды _jСъезды, совещания и т.п _xКритические явления _92287834 _3RU\NLR\AUTH\661370342 |
|
| 686 | 1 | _aВ36я431(0) | |
| 686 | 1 | _aВ37я431(0) | |
| 711 | 1 | 2 |
_a"Фазовые переходы, критические и нелинейные явления в конденсированных средах", международная конференция _eМахачкала _f2023 _9873381 _3RU\NLR\AUTH\880601530 |
| 712 | 0 | 2 |
_4570 _aИнститут физики им. Х. И. Амирханова _cМахачкала _9576343 _3RU\NLR\AUTH\880456553 |
| 942 | _cBOOK | ||
| 980 | _aNB | ||